Zváranie ocelí výbuchom /

Enregistré dans:
Détails bibliographiques
Autres auteurs: Kučár, Milan (Dessinateur)
Format: Livre
Langue:slovaque
Publié: Bratislava : Výskumný ústav zváračský, 1989
Sujets:
Tags: Ajouter un tag
Pas de tags, Soyez le premier à ajouter un tag!

MARC

LEADER 00000nam a22000003a 4500
001 stu45212
005 20150617225715.2
008 960109s1989----cs------------------slo-d
040 |a STU  |b slo 
041 0 |a slo 
044 |a cs 
080 |a 621.791.4 
100 1 |a Kučár, Milan  |4 drm 
245 1 |a Zváranie ocelí výbuchom /  |c Vyprac. Milan Kučár 
260 |a Bratislava :  |b Výskumný ústav zváračský,  |c 1989 
300 |a 2 s :  |b 63 záznamov 
500 |a 1980-1989 
650 7 |a zváranie výbuchom  |2 stusub 
650 7 |a rešerš  |2 stusub 
996 |b 284M055855  |c M*R-70  |l MMKN  |s A  |a 24  |w stu45212_0001